000 00371nam a2200133Ia 4500
005 20260328101443.0
008 260328s9999||||xx |||||||||||||| ||und||
100 _aGarcía, Hugo
245 0 _aDel Espacio arquitectónico a la Arquitectura como una mercancia /
_cHugo García
260 _bUniversidad del Valle
300 _a105 p.
650 _aARQUITECTURA
942 _cBK
999 _c8346
_d8346